00498nam a2200205Ia 4500008004100000020001800041050001400059100002000073245003200093245002200125245002000147260001500167260001600182260000900198300001500207300002700222300001000249440002500259500000800284170918s9999 xx 000 0 und d a9780531187128 bM435 2007 aMattern, Joanne aBehind every great driver : bstock car teams / cJoanne Mattern. aNew York : bScholastic, c2007 a48 pages : bcolored illustration ; c22cm. aHigh interest books. a950